|
|
|
|
| LEADER |
03894nam a22005895i 4500 |
| 001 |
978-94-007-4933-7 |
| 003 |
DE-He213 |
| 005 |
20151204175636.0 |
| 007 |
cr nn 008mamaa |
| 008 |
121009s2013 ne | s |||| 0|eng d |
| 020 |
|
|
|a 9789400749337
|9 978-94-007-4933-7
|
| 024 |
7 |
|
|a 10.1007/978-94-007-4933-7
|2 doi
|
| 040 |
|
|
|d GrThAP
|
| 050 |
|
4 |
|a QA76.9.C65
|
| 072 |
|
7 |
|a UGK
|2 bicssc
|
| 072 |
|
7 |
|a COM072000
|2 bisacsh
|
| 082 |
0 |
4 |
|a 003.3
|2 23
|
| 245 |
1 |
0 |
|a Agent-Based Modelling of Socio-Technical Systems
|h [electronic resource] /
|c edited by Koen H. van Dam, Igor Nikolic, Zofia Lukszo.
|
| 264 |
|
1 |
|a Dordrecht :
|b Springer Netherlands :
|b Imprint: Springer,
|c 2013.
|
| 300 |
|
|
|a XXVIII, 268 p.
|b online resource.
|
| 336 |
|
|
|a text
|b txt
|2 rdacontent
|
| 337 |
|
|
|a computer
|b c
|2 rdamedia
|
| 338 |
|
|
|a online resource
|b cr
|2 rdacarrier
|
| 347 |
|
|
|a text file
|b PDF
|2 rda
|
| 490 |
1 |
|
|a Agent-Based Social Systems,
|x 1861-0803 ;
|v 9
|
| 505 |
0 |
|
|a Foreword by Prof Nigel Gilbert -- Preface by the editors -- 1 Introduction; G.P.J. Dijkema, Z. Lukszo and M.P.C. Weijnen -- Part I Theory and practice -- 2 Theory; I. Nikolic and J. Kasmire.-3 Practice; I. Nikolic, K.H. van Dam and J. Kasmire -- Part II Case Studies -- 4 Introduction to the Case Studies; K.H. van Dam, I. Nikolic and Z. Lukszo -- 5 Agent-Based Models of Supply Chains; B. Behdani, K.H. van Dam and Z. Lukszo -- 6 An Agent-Based Model of Consumer Lighting; E.J.L. Chappin and M.R. Afman -- 7 An Agent-based Model of CO2 Policies and Electricity Generation; E.J.L. Chappin and G.P.J. Dijkema -- 8 An Agent-Based Model of a Mobile Phone Production, Consumption and Recycling Network; L.A. Bollinger, C.B. Davis and I. Nikolic -- 9 Next Steps in Modelling Socio-Technical Systems: Towards Collaborative Modelling; A. Chmieliauskas, C.B. Davis and L.A. Bollinger -- List of Contributors -- Index.
|
| 520 |
|
|
|a Decision makers in large scale interconnected network systems require simulation models for decision support. The behaviour of these systems is determined by many actors, situated in a dynamic, multi-actor, multi-objective and multi-level environment. How can such systems be modelled and how can the socio-technical complexity be captured? Agent-based modelling is a proven approach to handle this challenge. This book provides a practical introduction to agent-based modelling of socio-technical systems, based on a methodology that has been developed at Delft University of Technology and which has been deployed in a large number of case studies. The book consists of two parts: the first presents the background, theory and methodology as well as practical guidelines and procedures for building models. In the second part this theory is applied to a number of case studies, where for each model the development steps are presented extensively, preparing the reader for creating own models.
|
| 650 |
|
0 |
|a Computer science.
|
| 650 |
|
0 |
|a Business.
|
| 650 |
|
0 |
|a Management science.
|
| 650 |
|
0 |
|a Computer simulation.
|
| 650 |
|
0 |
|a Electric power production.
|
| 650 |
|
0 |
|a Computational intelligence.
|
| 650 |
|
0 |
|a Complexity, Computational.
|
| 650 |
|
0 |
|a Social sciences.
|
| 650 |
1 |
4 |
|a Computer Science.
|
| 650 |
2 |
4 |
|a Simulation and Modeling.
|
| 650 |
2 |
4 |
|a Complexity.
|
| 650 |
2 |
4 |
|a Computational Intelligence.
|
| 650 |
2 |
4 |
|a Social Sciences, general.
|
| 650 |
2 |
4 |
|a Business and Management, general.
|
| 650 |
2 |
4 |
|a Energy Technology.
|
| 700 |
1 |
|
|a Dam, Koen H. van.
|e editor.
|
| 700 |
1 |
|
|a Nikolic, Igor.
|e editor.
|
| 700 |
1 |
|
|a Lukszo, Zofia.
|e editor.
|
| 710 |
2 |
|
|a SpringerLink (Online service)
|
| 773 |
0 |
|
|t Springer eBooks
|
| 776 |
0 |
8 |
|i Printed edition:
|z 9789400749320
|
| 830 |
|
0 |
|a Agent-Based Social Systems,
|x 1861-0803 ;
|v 9
|
| 856 |
4 |
0 |
|u http://dx.doi.org/10.1007/978-94-007-4933-7
|z Full Text via HEAL-Link
|
| 912 |
|
|
|a ZDB-2-SCS
|
| 950 |
|
|
|a Computer Science (Springer-11645)
|